| 000 | 01840 a2200193 4500 | ||
|---|---|---|---|
| 001 | 48775 | ||
| 005 | 20260407155753.0 | ||
| 008 | 260407a1971 arg spa d | ||
| 003 | AR-UNSa-BCEJYS | ||
| 040 |
_aAR-UNSa-BCEJYS _bspa _cAR-UNSa-BCEJYS |
||
| 080 |
_a94(82):33 _xHistoria Económica Argentina |
||
| 245 | 1 | 0 | _aHistoria económica de la argentina |
| 264 | 1 |
_aBuenos Aires : _bPlus Ultra _c1971 |
|
| 300 |
_a2v.(345; 367 p.) _c21 cm. |
||
| 505 | _aVol. I. Primera Parte: LA SITUACIÓN EUROPEA DURANTE LA PRIMERA MITAD DEL SIGLO XIX: 1. Los hechos y las ideas económicas europeas y su transcendencia en la Argentina -- Segunda Parte: EL CICLO DE PREDOMINIO DE LA LANA: 1852-80: 1. Las industrias agropecuarias - 2. La población y los oficios - 3. La organización de los medios de transporte - 4. La política y monetaria desde Caseros hasta la ley de 1881 - 5. El comercio exterior en el período 1861-80 -- Tercera Parte: EL PERIODO DE INSTALACIÓN DEL FRIGORIFICO: 1880-99: 1. Desarrollo de las industrias agropecuarias - 2. Industrias derivadas de las agropecuarias - 3. La minería - 4. La colonización y el problema de la tierra - 5. La población en la última decena del siglo XIX - 6. Desenvolvimiento de los transportes - 7. Política financiera en el período 1880-99 - 8. El comercio exterior en el período 1880-99. Vol. II. Cuarta Parte: 1. La expansión de los establecimientos frigoríficos - 2. Aspectos complementarios de la ubicación y expansión del frigorífico - 3. La ganadería - 4. La agricultura - 5. Industrias derivadas de la agricultura - 6. La minería - 7. La población - 8. La industria manufacturera - 9. Los medios de transporte - 10. La política financiera - 11. Desarrollo del comercio exterior. | ||
| 942 | _cBK | ||
| 590 | _aniveau_biblio:m niveau_hierar:0 | ||
| 100 | 1 | _aOrtiz, Ricardo M. | |
| 999 |
_c4712 _d4712 |
||